Statistics for 中国人口最多的20个地级行政区 China 20 most populous prefecture-level regions

Click here to take the quiz!

General Stats

  • This quiz has been taken 145 times
  • The average score is 16 of 20

Answer Stats

人口地市% Correct
20937757成都市
99%
17494398深圳市
98%
12601272郑州市
98%
11936010杭州市
98%
18676605广州市
98%
12748262苏州市
97%
10071722青岛市
97%
12324658武汉市
96%
12952780西安市
93%
10047914长沙市
92%
10466625东莞市
91%
11235086石家庄市
88%
9498863佛山市
85%
9404283宁波市
81%
10009854哈尔滨市
71%
9572903温州市
59%
11544563保定市
56%
11014821临沂市
53%
9713112南阳市
52%
9413990邯郸市
40%

Score Distribution

Percentile by Number Answered

Percent of People with Each Score

Your Score History

You have not taken this quiz